000 00794cam a22002653a 4500
001 8677
003 PGUSA
005 20140828083203.0
008 050801s2005||||xxu|||||s|||||000 1 eng d
040 _aPGUSA
_beng
042 _adc
050 4 _aPS
100 1 _aAlcott, Louisa May,
_d1832-1888
245 1 0 _aBehind a Mask; or, a Woman's Power
_h[electronic resource] /
_cLouisa May Alcott
260 _bProject Gutenberg,
_c2005
506 _aPublic domain in the USA.
516 _aElectronic text
653 _aSex role -- Fiction
653 _aWomen -- Social life and customs -- Fiction
653 _aMan-woman relationships -- Fiction
653 _aGovernesses -- Fiction
830 0 _aProject Gutenberg
_v8677
856 4 0 _uhttp://www.gutenberg.org/ebooks/8677
942 _cEB
999 _c237977
_d237977